| 000 | 00899nam2a2200253 4500 | ||
|---|---|---|---|
| 001 | RU\NLR\BIBL_A\022726730 | ||
| 005 | 20260302154642.0 | ||
| 010 |
_a978-5-04-110560-0 _93000 |
||
| 021 |
_aRU _bКН-П-25-077910 _9КН-П-25-7554 |
||
| 035 | _a(NLR Aleph) 022726730 | ||
| 090 |
_a13554560 _c13554560 |
||
| 100 | _a20260212d2025 u y0rusy50 ca | ||
| 101 | 0 | _arus | |
| 102 | _aRU | ||
| 105 | _aa z 000ay | ||
| 200 | 0 | _aКн. 2 | |
| 210 | _d2025 | ||
| 215 |
_a382 с. _cил. |
||
| 333 | _a18+ | ||
| 461 | 0 |
_1001RU\NLR\BIBL_A\022712943 _12001#$aХрупкое равновесие$fАна Шерри$vКн. 2 _1700#1$aШерри$bА.$f1981-$gАна$3RU\NLR\AUTH\770226216 _913552894 _aШерри, А. (1981-) _cМосква _d2025- _fАна Шерри _nЭксмо _tХрупкое равновесие _vКн. 2 |
|
| 942 | _cBOOK | ||
| 980 | _aNB | ||